| 000 | 00506nam a2200145Ia 4500 | ||
|---|---|---|---|
| 008 | 100122s9999 xx 000 0 und d | ||
| 082 |
_b56863 _a823.08 |
||
| 100 | _aजहागिरदार विजया | ||
| 245 | _aनिवडुंगाचा मोहर | ||
| 260 |
_bनंदादीप बुक सर्व्हिसेस _c1999 |
||
| 300 | _a128 | ||
| 630 | _aनिवडुंगाचा मोहर | ||
| 730 | _aनिवडुंगाचा मोहर | ||
| 942 | _cBOOK | ||
| 999 |
_c433205 _d433202 |
||